| 000 | 00503nam a2200193Ia 4500 | ||
|---|---|---|---|
| 003 | OSt | ||
| 005 | 20250307142026.0 | ||
| 008 | 210210b1973 xxu||||| |||| 00| 0 eng d | ||
| 040 | _cAL | ||
| 041 | _ahin | ||
| 082 | _aH891.4 DEVH | ||
| 100 |
_aDEVSARE (Harikrashn). _9204854 |
||
| 245 |
_aHar din ki ek kahani: _bहर दिन की एक कहानी |
||
| 260 |
_aIlahabad _bSmrati Prakashan _c1973 |
||
| 300 | _a36 | ||
| 690 |
_aHindi Prose _9204855 |
||
| 906 | _a030781 | ||
| 942 |
_2ddc _cBK |
||
| 999 |
_c81884 _d81884 |
||